00496 2200181 4500245004400000020002200044250001100066100002200077700001800099650001900117650001000136005001900146260009700165041001400262084001000276300001900286336000900305 aKamus FilologicTitik PudjiastutihText a978-602-437-549-2 aCet. 1 aTitik Pudjiastuti aHari Sulastri aKamus Filologi aEbook a20241105090953 aJakartabBadan Pengembangan dan Pembinaan Bahasa Kementerian Pendidikan dan Kebudayaanc2018 aIndonesia a400.3 a165 Hlm :cPDF atext